Initiales NA à NZ - Statistiques

Statistiques générales
  • Ce quiz a été pris 37 fois
  • Le résultat moyen est 9 sur 26
Statistiques - réponses
Initiales Définitions Réponses % Correct
NA Journaliste, chanteur et animateur Franco-grec Nikos Aliagas
94%
ND Ancien numéro 1 mondial de tennis représentant la Serbie Novak Djokovic
91%
NB Elle à dit "Allo! Non mais allo quoi! t'es une fille et t'as pas de shampooing! Nabilla Benattia
79%
NM Rappeuse qui à chantée Starships Nicki Minaj
76%
NR Première dame du 40eme président des États-Unis (1981-1989) Nancy Reagan
65%
NC Cette gymnaste à obtenu le premier 10 sur 10 de l'histoire Nadia Comaneci
50%
NJ Chanteur ayant Joe et Kevin comme frères Nick Jonas
50%
NQ Cycliste colombien ayant remporté le Giro 2014 et la Vuelta 2016 Nairo Quintana
47%
NO Joueuse de tennis ayant 4 titres de Grand Chelem Naomi Osaka
47%
NK Champion 2018, Il à gagné un titre dans chacun de ses clubs N'Golo Kanté
47%
NX Avocat australien, dont le début du nom est un élément périodique Nick Xenophon
44%
NT Cuisinier français, qui est "commis d'office" dans son émission Norbert Tarayre
35%
NF Chanteuse canado-portugaise dont son premier album contient son prénom Nelly Furtado
32%
NH Pilote allemand en F1, il obtient son premier podium après 239 départs Nico Hulkenberg
32%
NL Pilote autrichien, triple champion du monde de F1 Niki Lauda
32%
NS Chanteuse du groupe The Pussycat Dolls et ex-femme de Lewis Hamilton Nicole Scherzinger
29%
NP Ce pilote brésilien à obtenu 3 titres de champion de F1 avant 1990 Nelsinho Piquet
24%
NG Céiste français champion olympique à Paris Nicolas Gestin
15%
NW Elle joue Evelyn Johnson-Eaton dans Divergente Naomi Watts
12%
NY Basketteur américain, cousin de Kendrick Lamar Nick Young
12%
NU Entraîneur du FC Pau depuis 2023 Nicolas Usaï
9%
NN Pilote français en Formule électrique Norman Nato
6%
NI Champion du monde en poids mi-mouches Naoya Inoue
0%
NV Animatrice française, présentant E=M6 en 2001 Nathalie Vincent
0%
NZ Pongiste française, championne du monde jeune à 13 ans Nina Guo Zheng
0%
NE Elle joue Agnès Prado dans Demain nous appartient Noémie Elbaz
0%
Aucun quiz correspondant
Distribution des résultats
% des personnes avec chaque résultat
Percentile par nombre de réponses
Votre historique - résultats
Vous n’avez pas pris ce quiz